Dark Souls Map by Graph - Statistics

General Stats
  • This quiz has been taken 602 times
  • The average score is 12 of 30
Answers on the Map
Answers color-coded by a green-red scale on the quiz's map according to % correct below.
 
Answer Stats
Answer % Correct
Firelink Shrine
89%
Catacombs
88%
Northern Undead Asylum
50%
Undead Burg
50%
Kiln of the First Flame
47%
Firelink Altar
46%
New Londo Ruins
44%
Undead Parish
44%
Abyss
43%
Anor Londo
41%
Duke's Archives
39%
Painted World of Ariamis
39%
Blighttown
38%
Sen's Fortress
38%
Valley of Drakes
38%
Darkroot Garden
37%
Crystal Cave
36%
Darkroot Basin
36%
Lost Izalith
36%
Demon Ruins
34%
Quelaag's Domain
34%
Depths
32%
Ash Lake
31%
Oolacile Township
31%
Chasm of the Abyss
28%
Battle of Stoicism Gazebo
26%
Royal Wood
25%
Great Hollow
24%
Sanctuary Garden
24%
Oolacile Sanctuary
22%
No matching quizzes found
Score Distribution
Percent of People with Each Score
Percentile by Number Answered
Your Score History
You have not taken this quiz